Statistics for Top 15 Countries with Covid-19 Cases - 25 January 2021

Click here to take the quiz!

General Stats

  • This quiz has been taken 15 times
  • The average score is 16 of 28

Answer Stats

country% Correct
United Kingdom
100%
United States
100%
Russia
93%
Brazil
87%
India
87%
Italy
87%
Spain
87%
France
80%
Germany
73%
Mexico
73%
Argentina
67%
Belgium
67%
Portugal
67%
Turkey
67%
Netherlands
60%
Poland
60%
South Africa
53%
Colombia
47%
Croatia
33%
Czechia
33%
Israel
33%
Slovenia
33%
Switzerland
33%
Lithuania
20%
Armenia
13%
Bahrain
13%
Georgia
13%
Panama
13%

Score Distribution

Percentile by Number Answered

Percent of People with Each Score

Your Score History

You have not taken this quiz